<?xml version="1.0" encoding="UTF-8"?>
<record
    xmlns:xsi="http://www.w3.org/2001/XMLSchema-instance"
    xsi:schemaLocation="http://www.loc.gov/MARC21/slim http://www.loc.gov/standards/marcxml/schema/MARC21slim.xsd"
    xmlns="http://www.loc.gov/MARC21/slim">

  <leader>00342nam a2200157Ia 4500</leader>
  <controlfield tag="003">OSt</controlfield>
  <controlfield tag="005">20240208125633.0</controlfield>
  <controlfield tag="008">170524s9999    xx            000 0 und d</controlfield>
  <datafield tag="020" ind1=" " ind2=" ">
    <subfield code="a">0070635528</subfield>
  </datafield>
  <datafield tag="040" ind1=" " ind2=" ">
    <subfield code="c">IIMT UNIVERSITY</subfield>
  </datafield>
  <datafield tag="100" ind1=" " ind2=" ">
    <subfield code="a">Newstrom</subfield>
  </datafield>
  <datafield tag="245" ind1=" " ind2="0">
    <subfield code="a">Organization Behavior</subfield>
  </datafield>
  <datafield tag="260" ind1=" " ind2=" ">
    <subfield code="b">Himalya</subfield>
  </datafield>
  <datafield tag="260" ind1=" " ind2=" ">
    <subfield code="c">1995</subfield>
  </datafield>
  <datafield tag="942" ind1=" " ind2=" ">
    <subfield code="2">ddc</subfield>
    <subfield code="c">02</subfield>
  </datafield>
  <datafield tag="999" ind1=" " ind2=" ">
    <subfield code="c">6157</subfield>
    <subfield code="d">6157</subfield>
  </datafield>
  <datafield tag="952" ind1=" " ind2=" ">
    <subfield code="0">0</subfield>
    <subfield code="1">0</subfield>
    <subfield code="2">ddc</subfield>
    <subfield code="4">0</subfield>
    <subfield code="7">0</subfield>
    <subfield code="a">01</subfield>
    <subfield code="b">01</subfield>
    <subfield code="d">2017-05-26</subfield>
    <subfield code="p">01-B-61514</subfield>
    <subfield code="r">2017-05-26</subfield>
    <subfield code="u">ORGANIZATION BEHAVIOR</subfield>
    <subfield code="w">2017-05-26</subfield>
    <subfield code="y">02</subfield>
    <subfield code="z">management departmental library books update march 2019</subfield>
  </datafield>
  <datafield tag="952" ind1=" " ind2=" ">
    <subfield code="0">0</subfield>
    <subfield code="1">0</subfield>
    <subfield code="2">ddc</subfield>
    <subfield code="4">0</subfield>
    <subfield code="7">0</subfield>
    <subfield code="a">01</subfield>
    <subfield code="b">01</subfield>
    <subfield code="d">2017-05-26</subfield>
    <subfield code="p">01-B-61515</subfield>
    <subfield code="r">2017-05-26</subfield>
    <subfield code="u">ORGANIZATION BEHAVIOR</subfield>
    <subfield code="w">2017-05-26</subfield>
    <subfield code="y">02</subfield>
  </datafield>
  <datafield tag="952" ind1=" " ind2=" ">
    <subfield code="0">0</subfield>
    <subfield code="1">0</subfield>
    <subfield code="2">ddc</subfield>
    <subfield code="4">0</subfield>
    <subfield code="7">0</subfield>
    <subfield code="a">01</subfield>
    <subfield code="b">01</subfield>
    <subfield code="d">2017-05-26</subfield>
    <subfield code="p">01-B-61516</subfield>
    <subfield code="r">2017-05-26</subfield>
    <subfield code="u">ORGANIZATION BEHAVIOR</subfield>
    <subfield code="w">2017-05-26</subfield>
    <subfield code="y">02</subfield>
  </datafield>
  <datafield tag="952" ind1=" " ind2=" ">
    <subfield code="0">0</subfield>
    <subfield code="1">0</subfield>
    <subfield code="2">ddc</subfield>
    <subfield code="4">0</subfield>
    <subfield code="7">0</subfield>
    <subfield code="a">01</subfield>
    <subfield code="b">01</subfield>
    <subfield code="d">2017-05-26</subfield>
    <subfield code="p">01-B-61517</subfield>
    <subfield code="r">2017-05-26</subfield>
    <subfield code="u">ORGANIZATION BEHAVIOR</subfield>
    <subfield code="w">2017-05-26</subfield>
    <subfield code="y">02</subfield>
  </datafield>
  <datafield tag="952" ind1=" " ind2=" ">
    <subfield code="0">0</subfield>
    <subfield code="1">0</subfield>
    <subfield code="2">ddc</subfield>
    <subfield code="4">0</subfield>
    <subfield code="7">0</subfield>
    <subfield code="a">01</subfield>
    <subfield code="b">01</subfield>
    <subfield code="d">2017-05-26</subfield>
    <subfield code="p">01-B-61518</subfield>
    <subfield code="r">2017-05-26</subfield>
    <subfield code="u">ORGANIZATION BEHAVIOR</subfield>
    <subfield code="w">2017-05-26</subfield>
    <subfield code="y">02</subfield>
  </datafield>
  <datafield tag="952" ind1=" " ind2=" ">
    <subfield code="0">0</subfield>
    <subfield code="1">0</subfield>
    <subfield code="2">ddc</subfield>
    <subfield code="4">0</subfield>
    <subfield code="7">0</subfield>
    <subfield code="a">01</subfield>
    <subfield code="b">01</subfield>
    <subfield code="d">2017-05-26</subfield>
    <subfield code="p">01-B-61519</subfield>
    <subfield code="r">2017-05-26</subfield>
    <subfield code="u">ORGANIZATION BEHAVIOR</subfield>
    <subfield code="w">2017-05-26</subfield>
    <subfield code="y">02</subfield>
  </datafield>
  <datafield tag="952" ind1=" " ind2=" ">
    <subfield code="0">0</subfield>
    <subfield code="1">0</subfield>
    <subfield code="2">ddc</subfield>
    <subfield code="4">0</subfield>
    <subfield code="7">0</subfield>
    <subfield code="a">01</subfield>
    <subfield code="b">01</subfield>
    <subfield code="d">2017-05-26</subfield>
    <subfield code="p">01-B-61520</subfield>
    <subfield code="r">2017-05-26</subfield>
    <subfield code="u">ORGANIZATION BEHAVIOR</subfield>
    <subfield code="w">2017-05-26</subfield>
    <subfield code="y">02</subfield>
  </datafield>
  <datafield tag="952" ind1=" " ind2=" ">
    <subfield code="0">0</subfield>
    <subfield code="1">0</subfield>
    <subfield code="2">ddc</subfield>
    <subfield code="4">0</subfield>
    <subfield code="7">0</subfield>
    <subfield code="a">01</subfield>
    <subfield code="b">01</subfield>
    <subfield code="d">2017-05-26</subfield>
    <subfield code="p">01-B-61521</subfield>
    <subfield code="r">2017-05-26</subfield>
    <subfield code="u">ORGANIZATION BEHAVIOR</subfield>
    <subfield code="w">2017-05-26</subfield>
    <subfield code="y">02</subfield>
  </datafield>
  <datafield tag="952" ind1=" " ind2=" ">
    <subfield code="0">0</subfield>
    <subfield code="1">0</subfield>
    <subfield code="2">ddc</subfield>
    <subfield code="4">0</subfield>
    <subfield code="7">0</subfield>
    <subfield code="a">01</subfield>
    <subfield code="b">01</subfield>
    <subfield code="d">2017-05-26</subfield>
    <subfield code="p">01-B-61522</subfield>
    <subfield code="r">2017-05-26</subfield>
    <subfield code="u">ORGANIZATION BEHAVIOR</subfield>
    <subfield code="w">2017-05-26</subfield>
    <subfield code="y">02</subfield>
  </datafield>
  <datafield tag="952" ind1=" " ind2=" ">
    <subfield code="0">0</subfield>
    <subfield code="1">0</subfield>
    <subfield code="2">ddc</subfield>
    <subfield code="4">0</subfield>
    <subfield code="7">0</subfield>
    <subfield code="a">01</subfield>
    <subfield code="b">01</subfield>
    <subfield code="d">2017-05-26</subfield>
    <subfield code="p">01-B-61523</subfield>
    <subfield code="r">2017-05-26</subfield>
    <subfield code="u">ORGANIZATION BEHAVIOR</subfield>
    <subfield code="w">2017-05-26</subfield>
    <subfield code="y">02</subfield>
  </datafield>
  <datafield tag="952" ind1=" " ind2=" ">
    <subfield code="0">0</subfield>
    <subfield code="1">0</subfield>
    <subfield code="2">ddc</subfield>
    <subfield code="4">0</subfield>
    <subfield code="7">0</subfield>
    <subfield code="a">01</subfield>
    <subfield code="b">01</subfield>
    <subfield code="d">2017-05-26</subfield>
    <subfield code="p">01-B-61524</subfield>
    <subfield code="r">2017-05-26</subfield>
    <subfield code="u">ORGANIZATION BEHAVIOR</subfield>
    <subfield code="w">2017-05-26</subfield>
    <subfield code="y">02</subfield>
  </datafield>
  <datafield tag="952" ind1=" " ind2=" ">
    <subfield code="0">0</subfield>
    <subfield code="1">0</subfield>
    <subfield code="2">ddc</subfield>
    <subfield code="4">0</subfield>
    <subfield code="7">0</subfield>
    <subfield code="a">01</subfield>
    <subfield code="b">01</subfield>
    <subfield code="d">2017-05-26</subfield>
    <subfield code="p">01-B-61525</subfield>
    <subfield code="r">2017-05-26</subfield>
    <subfield code="u">ORGANIZATION BEHAVIOR</subfield>
    <subfield code="w">2017-05-26</subfield>
    <subfield code="y">02</subfield>
  </datafield>
  <datafield tag="952" ind1=" " ind2=" ">
    <subfield code="0">0</subfield>
    <subfield code="1">0</subfield>
    <subfield code="2">ddc</subfield>
    <subfield code="4">0</subfield>
    <subfield code="7">0</subfield>
    <subfield code="a">01</subfield>
    <subfield code="b">01</subfield>
    <subfield code="d">2017-05-26</subfield>
    <subfield code="p">01-B-61526</subfield>
    <subfield code="r">2017-05-26</subfield>
    <subfield code="u">ORGANIZATION BEHAVIOR</subfield>
    <subfield code="w">2017-05-26</subfield>
    <subfield code="y">02</subfield>
  </datafield>
  <datafield tag="952" ind1=" " ind2=" ">
    <subfield code="0">0</subfield>
    <subfield code="1">0</subfield>
    <subfield code="2">ddc</subfield>
    <subfield code="4">0</subfield>
    <subfield code="7">0</subfield>
    <subfield code="a">01</subfield>
    <subfield code="b">01</subfield>
    <subfield code="d">2017-05-26</subfield>
    <subfield code="p">01-B-61527</subfield>
    <subfield code="r">2017-05-26</subfield>
    <subfield code="u">ORGANIZATION BEHAVIOR</subfield>
    <subfield code="w">2017-05-26</subfield>
    <subfield code="y">02</subfield>
  </datafield>
  <datafield tag="952" ind1=" " ind2=" ">
    <subfield code="0">0</subfield>
    <subfield code="1">0</subfield>
    <subfield code="2">ddc</subfield>
    <subfield code="4">0</subfield>
    <subfield code="7">0</subfield>
    <subfield code="a">01</subfield>
    <subfield code="b">01</subfield>
    <subfield code="d">2017-05-26</subfield>
    <subfield code="p">01-B-61528</subfield>
    <subfield code="r">2017-05-26</subfield>
    <subfield code="u">ORGANIZATION BEHAVIOR</subfield>
    <subfield code="w">2017-05-26</subfield>
    <subfield code="y">02</subfield>
  </datafield>
  <datafield tag="952" ind1=" " ind2=" ">
    <subfield code="0">0</subfield>
    <subfield code="1">0</subfield>
    <subfield code="2">ddc</subfield>
    <subfield code="4">0</subfield>
    <subfield code="7">0</subfield>
    <subfield code="a">01</subfield>
    <subfield code="b">01</subfield>
    <subfield code="d">2017-05-26</subfield>
    <subfield code="p">01-B-61529</subfield>
    <subfield code="r">2017-05-26</subfield>
    <subfield code="u">ORGANIZATION BEHAVIOR</subfield>
    <subfield code="w">2017-05-26</subfield>
    <subfield code="y">02</subfield>
  </datafield>
  <datafield tag="952" ind1=" " ind2=" ">
    <subfield code="0">0</subfield>
    <subfield code="1">0</subfield>
    <subfield code="2">ddc</subfield>
    <subfield code="4">0</subfield>
    <subfield code="7">0</subfield>
    <subfield code="a">01</subfield>
    <subfield code="b">01</subfield>
    <subfield code="d">2017-05-26</subfield>
    <subfield code="p">01-B-61530</subfield>
    <subfield code="r">2017-05-26</subfield>
    <subfield code="u">ORGANIZATION BEHAVIOR</subfield>
    <subfield code="w">2017-05-26</subfield>
    <subfield code="y">02</subfield>
  </datafield>
  <datafield tag="952" ind1=" " ind2=" ">
    <subfield code="0">0</subfield>
    <subfield code="1">0</subfield>
    <subfield code="2">ddc</subfield>
    <subfield code="4">0</subfield>
    <subfield code="7">0</subfield>
    <subfield code="a">01</subfield>
    <subfield code="b">01</subfield>
    <subfield code="d">2017-05-26</subfield>
    <subfield code="p">01-B-61531</subfield>
    <subfield code="r">2017-05-26</subfield>
    <subfield code="u">ORGANIZATION BEHAVIOR</subfield>
    <subfield code="w">2017-05-26</subfield>
    <subfield code="y">02</subfield>
  </datafield>
  <datafield tag="952" ind1=" " ind2=" ">
    <subfield code="0">0</subfield>
    <subfield code="1">0</subfield>
    <subfield code="2">ddc</subfield>
    <subfield code="4">0</subfield>
    <subfield code="7">0</subfield>
    <subfield code="a">01</subfield>
    <subfield code="b">01</subfield>
    <subfield code="d">2017-05-26</subfield>
    <subfield code="p">01-B-61532</subfield>
    <subfield code="r">2017-05-26</subfield>
    <subfield code="u">ORGANIZATION BEHAVIOR</subfield>
    <subfield code="w">2017-05-26</subfield>
    <subfield code="y">02</subfield>
  </datafield>
  <datafield tag="952" ind1=" " ind2=" ">
    <subfield code="0">0</subfield>
    <subfield code="1">0</subfield>
    <subfield code="2">ddc</subfield>
    <subfield code="4">0</subfield>
    <subfield code="7">0</subfield>
    <subfield code="a">01</subfield>
    <subfield code="b">01</subfield>
    <subfield code="d">2017-05-26</subfield>
    <subfield code="p">01-B-61533</subfield>
    <subfield code="r">2017-05-26</subfield>
    <subfield code="u">ORGANIZATION BEHAVIOR</subfield>
    <subfield code="w">2017-05-26</subfield>
    <subfield code="y">02</subfield>
  </datafield>
  <datafield tag="952" ind1=" " ind2=" ">
    <subfield code="0">0</subfield>
    <subfield code="1">0</subfield>
    <subfield code="2">ddc</subfield>
    <subfield code="4">0</subfield>
    <subfield code="7">0</subfield>
    <subfield code="a">01</subfield>
    <subfield code="b">01</subfield>
    <subfield code="d">2017-05-26</subfield>
    <subfield code="p">01-B-61534</subfield>
    <subfield code="r">2017-05-26</subfield>
    <subfield code="u">ORGANIZATION BEHAVIOR</subfield>
    <subfield code="w">2017-05-26</subfield>
    <subfield code="y">02</subfield>
  </datafield>
  <datafield tag="952" ind1=" " ind2=" ">
    <subfield code="0">0</subfield>
    <subfield code="1">0</subfield>
    <subfield code="2">ddc</subfield>
    <subfield code="4">0</subfield>
    <subfield code="7">0</subfield>
    <subfield code="a">01</subfield>
    <subfield code="b">01</subfield>
    <subfield code="d">2017-05-26</subfield>
    <subfield code="p">01-B-61535</subfield>
    <subfield code="r">2017-05-26</subfield>
    <subfield code="u">ORGANIZATION BEHAVIOR</subfield>
    <subfield code="w">2017-05-26</subfield>
    <subfield code="y">02</subfield>
  </datafield>
</record>
